000
00295nam a22001337a 4500
020
_a
0-7214-0531-2
082
_a
823
_b
LAD/R
100
_a
LADY BIRD
245
_a
ROBINSON CRUSOE
_b
READ IT YOURSELF
260
_a
UK
_b
LADY BIRD
300
_a
51
650
_a
ENGLISH SHORT STORY
_z
UK
942
_c
BK
999
_c
2292
_d
2292